000 01030cam a2200253 i 4500
005 20181106200614.0
008 151021s2014 ck fr 000 0 spa d
020 _a9789582011246
035 _a(BO-CbLA)la1411V1839
040 _aCO-BoUCM
_bspa
_cSandra Palacio
_dSandra Palacio
041 0 _aspa
100 1 _aBácares Jara, Camilo
_972648
245 1 4 _aLos pequeños ejércitos
_blas representaciones sobre la vida y la muerte de los niños, niñas y jóvenes desvinculados de los grupos armados ilegales colombianos
_cCamilo Bácares Jara
260 _aBogotá (Colombia)
_bMagisterio
_c2014
300 _a307 páginas
490 0 _aColección Mesa redonda
_v104
504 _aIncluye referencias bibliográficas
650 7 _aAdministración de justicia para menores
_zColombia
_938074
650 7 _aNiños y guerra
_zColombia
_953675
650 7 _aViolencia política
_zColombia
_927838
690 _942926
_aViolencia
942 _2DEWEY
_a5
_cLIBRO
_e1
_h305.23
_mB364pe
_n0
999 _c301785
_d301785